| 000 | 00899nas a2200301 4500 | ||
|---|---|---|---|
| 001 | BR0402349 | ||
| 003 | BR-BrBNA | ||
| 005 | 20231205104528.0 | ||
| 007 | ta | ||
| 008 | 230509b bl.|||p| |||| 00| 00por d | ||
| 040 |
_aBR-BrBNA _bpor _cBiblioteca Nacional de Agricultura |
||
| 041 | _a(Pt) | ||
| 072 | _aF02 | ||
| 100 | 1 | _aFráguas, C.B. | |
| 100 | 1 | _aChagas, E.A. | |
| 100 | 1 | _aFerreira, M.M. | |
| 100 | 1 | _aCarvalho, J.G. de | |
| 100 | 1 | _aPasqual, M. | |
| 245 | 1 | _aMicropropagação de gloxínia em diferentes concentrações de nitrato de amônio e uréia | |
| 650 | _aGLOXÍNIA | ||
| 650 | _aCULTURA DE TECIDO | ||
| 650 | _aNITROGÊNIO | ||
| 650 | _aNITRATO DE AMÔNIO | ||
| 650 | _aURÉIA | ||
| 773 | 0 |
_tCiência e Agrotecnologia (Brazil) _xISSN 1413-7054 _g(Jul-Aug 2003), v. 27(4) p. 811-815 _wBR0402349 |
|
| 909 |
_a202311 _bLúcia _c55 _dLúcia Elande |
||
| 942 |
_2AGRIS _n0 _cANA |
||
| 999 |
_c178555 _d178555 |
||